000 00286nam a22001337a 4500
008 170227b xxu||||| |||| 00| 0 eng d
020 _a9780683055948
041 _aeng
080 _23 ED
_a577
100 _a5
101 _aSHMB
245 _aBIOCHEMISTRY
_cMARKS.B.D
942 _2udc
_cBK
999 _c6300
_d6300